000 00899nab a2200253 u 4500
001 18744
003 HDC
007 cr bn ---aaaaa
008 210227c |r|noo 0 a d
040 _aHDC
100 _aGreen, Jeff,
_eauthor
_917497
245 0 _aAMERICA LOVES MUSLIM FOOD SO MUCH FOR A CLASH OF CIVILIZATIONS /
_cby Jeff Green and Craig Giammona
260 _a[No place] :
_b[publisher not identified],
_c2016
336 _atext
_2rdacontent
337 _acomputer
_2rdamedia
338 _aonline resource
_2rdacarrier
650 _aFood
_xReligious aspects
_xIslam
_9239
650 _aHalal certificate
_9482
710 _aTHE DURANGO HERALD
856 _zRequest full-text at [email protected]
942 _2lcc
942 _cNEWS
942 _kNWSO 009641
999 _c16060
_d16060